000
00336 a2200157 4500
001
162472
020
_a
040
_c
Magnum
100
_a
Cesar, Camilla Cerqueira
240
1
0
_a
Tonzeca, o calhambeque
_l
por
245
1
0
_a
Tonzeca, o calhambeque
362
0
_a
1899
440
1
_a
Melhoramentos
697
_a
IJ/GERAL
942
_c
BK
999
_c
162472
_d
162472